| 000 | 02486cam a22006014i 4500 | ||
|---|---|---|---|
| 003 | PE-LiUPU | ||
| 005 | 20250731170450.0 | ||
| 008 | 150706s sp r 000 0 spa d | ||
| 020 | _a9788430117215 | ||
| 035 | _a(Sirsi) i9788430117215 | ||
| 040 |
_aPE-LiUPU _bspa _cPE-LiUPU _erda |
||
| 049 | _aPRUA | ||
| 082 | 0 | 4 |
_a121.6307 _bM19 _221 |
| 100 | 1 |
_aMalebranche, Nicolas de (1638-1715) , _eautor. |
|
| 245 | 1 | 0 |
_aAcerca de la investigación de la verdad : _bdonde se trata la naturaleza del espíritu del hombre y del uso que debe hacerse de él para evitar el error en las ciencias / _cNicolás Malebranche; [traducción de Javier Martín Barinaga-Rementería] . |
| 264 | 1 |
_aSalamanca : _bSígueme, _c2009. |
|
| 300 |
_a958 páginas ; _c24 centímetros. |
||
| 336 |
_atext _2rdacontent |
||
| 337 |
_aunmediated _2rdamedia |
||
| 338 |
_avolume _2rdacarrier |
||
| 490 | 0 |
_aHermeneia ; _v83 |
|
| 505 | 0 | _aLibro primero. De los sentidos -- Libro segundo de la imaginación -- Tercera parte. de la comunicación contagiosa de las imaginaciones fuertes -- -- Libro tercero -- Del entendimiento del espíritu puro -- Segunda parte -- De la naturaleza de las ideas -- Libro cuarto -- De las inclinaciones o de los movimientos naturales del espíritu -- Libro quinto. de las pasiones -- Libro sexto. Del método -- Primera parte del método -- Segunda parte del método -- Aclaraciones a la investigación de la verdad. | |
| 526 | _aSEG68 | ||
| 526 | _aSEG70 | ||
| 526 | _aSEG69 | ||
| 526 | _aSEG67 | ||
| 526 | _aSEG43 | ||
| 526 | _aP144 | ||
| 526 | _aP143 | ||
| 526 | _aP131 | ||
| 526 | _aP122 | ||
| 526 | _aP120 | ||
| 526 | _aP117 | ||
| 526 | _aP112 | ||
| 526 | _aP110 | ||
| 526 | _aP106 | ||
| 526 | _aP101 | ||
| 526 | _aP80 | ||
| 526 | _aP59 | ||
| 526 | _aP54 | ||
| 526 | _aP35 | ||
| 526 | _aP33 | ||
| 526 | _aP30 | ||
| 541 | _g007-0020804; | ||
| 650 | 1 | 7 |
_aVerdad. _2embne |
| 700 | 1 |
_aBarinaga-Rementería, Javier Martín, _etraductor |
|
| 910 |
_bjv _cng _d20100621 |
||
| 942 |
_2ddc _cBOOK |
||
| 949 |
_a121.6307 M19 _wDEWEY _c1 _i61908 _lCCODEBUL1 _mBUL _p70.00 _r0 _sY _tBOOK _u2015-7-6 _xTEOLOGIA _PP35 _0COMPRA _o.STAFF. Colección Teología |
||
| 994 |
_aC0 _bPEPRU |
||
| 596 | _a1 | ||
| 999 |
_a121.6307 M19 _wDEWEY _c51046 _i61908 _f2021-11-9 _g5 _lCCODEBUL1 _mBUL _p70.00 _r0 _sY _tBOOK _u2015-7-6 _xTEOLOGIA _PP35 _0COMPRA _o.STAFF. Colección Teología _d51046 |
||
| 980 |
_81 _gALBERTO SANCHEZ Responsable de Automatización |
||